| 000 | 00000nam 2200000zi 4500 |
| 001 | 9.946606 |
| 003 | CaOODSP |
| 005 | 20250109074735 |
| 006 | m o d f |
| 007 | cr mn||||||||| |
| 008 | 250108t19731977onc o f000 0 eng d |
| 020 | |a0662008995 |q(bilingual ; |qprint) |
| 040 | |aCaOODSP|beng|erda|cCaOODSP |
| 041 | 0 |aeng|afre |
| 043 | |an-cn--- |
| 086 | 1 |aC2-54/1977-PDF|zC2-54/1977 |
| 245 | 00|aGrains and Oilseeds Marketing Incentives Program, GOMI = |bProgramme stimulant la commercialisation des céréales et oléagineux, GOMI. |
| 246 | 11|aProgramme stimulant la commercialisation des céréales et oléagineux, GOMI |
| 264 | 1|aOttawa, Canada : |bDepartment of Industry, Trade and Commerce = Ministère de l'industrie et du commerce, |c1973. |
| 264 | 4|c©1977 |
| 300 | |a1 online resource (22 pages) |
| 336 | |atext|btxt|2rdacontent |
| 337 | |acomputer|bc|2rdamedia |
| 338 | |aonline resource|bcr|2rdacarrier |
| 500 | |a"Information Canada, Ottawa, 1973"--Back cover. |
| 500 | |aDigitized edition from print [produced by Innovation, Science and Economic Development Canada]. |
| 546 | |aText in English and French. |
| 650 | 0|aGrain|zCanada|xMarketing|xFinance. |
| 650 | 0|aOilseeds|zCanada|xMarketing|xFinance. |
| 650 | 0|aGrain trade|xGovernment policy|zCanada. |
| 650 | 0|aOil industries|xGovernment policy|zCanada. |
| 710 | 1 |aCanada. |bDepartment of Industry, Trade and Commerce, |eissuing body. |
| 788 | |tGrains and Oilseeds Marketing Incentives Program, GOMI = |efre|w(CaOODSP)9.946607 |
| 856 | 40|qPDF|s865 KB|uhttps://publications.gc.ca/collections/collection_2025/isde-ised/c2/C2-54-1977.pdf |